| 000 | 01119nam a22003257a 4500 | ||
|---|---|---|---|
| 003 | CHAP | ||
| 005 | 20220329141154.0 | ||
| 008 | 971010s1966 r 00010 d | ||
| 010 | _a63818 | ||
| 011 | _a64790 | ||
| 035 | _a70911 | ||
| 040 | _cCHAP | ||
| 090 | _aTesis | ||
| 100 | 0 | 0 |
_aAguilar Osorio, Heriberto. _92799 |
| 245 | 1 | _aOrdenación para mejorar la explotación bovina y su contribución al desarrollo económico de los Altos | |
| 260 |
_aChapingo, Méx. : _bEl autor, _c1966 |
||
| 300 | _a75 p. ilus. apénd. | ||
| 502 | _aTesis (Ing. Agrónomo Esp. en Zootecnia) -- ENA. Departamento de Zootecnia | ||
| 590 |
_aALEPH _b10 _c20130110 _lUCH01 _h1347 |
||
| 590 |
_aBATCH-UPD _b10 _c20130110 _lUCH01 _h0030 |
||
| 590 |
_aBATCH-UPD _b10 _c20130110 _lUCH01 _h0825 |
||
| 590 |
_aBATCH-UPD _b10 _c20130409 _lUCH01 _h2012 |
||
| 590 |
_aBATCH-UPD _b10 _c20130914 _lUCH01 _h1524 |
||
| 590 |
_aCONVERSION _b10 _c20130109 _lUCH01 _h1334 |
||
| 650 | 1 | 4 |
_aGanado vacuno _xJalisco. _945477 |
| 650 | 1 | 4 |
_aJalisco _xCondiciones económicas. _960958 |
| 901 | _aBK | ||
| 942 | _cTESIS | ||
| 949 |
_bBC _cTES _d-134582 _eTS1 _i70911 _si |
||
| 999 |
_c63818 _d63818 |
||